[Event "TUR-ch"]
[Site "Antalya"]
[Date "2013.02.08"]
[Round "10"]
[White "Akpulat, Dogan"]
[Black "Duzgun, Mehmet"]
[Result "0-1"]
[WhiteElo "1831"]
[BlackElo "1965"]
[PlyCount "70"]
[EventDate "2013.02.02"]
[EventType "swiss"]
[EventRounds "11"]
[EventCountry "TUR"]
[SourceTitle "CBM 152 Extra"]
[Source "ChessBase"]
[SourceDate "2013.02.25"]
[SourceVersion "1"]
[SourceVersionDate "2013.02.25"]
[SourceQuality "1"]

1. e4 c5 2. Nc3 Nc6 3. g3 g6 4. Bg2 Bg7 5. d3 d6 6. Be3 e6 7. Qd2 Nd4 8. Nge2 Ne7 9. 0-0 0-0 10. Nc1 Rb8 11. Nd1 b5 12. c3 Ndc6 13. Bh6 d5 14. Bxg7 Kxg7 15. exd5 Nxd5 16. Ne3 Nde7 17. Ne2 Ne5 18. Rad1 Bb7 19. f4 Bxg2 20. fxe5 Bxf1 21. Ng4 Ng8 22. Rxf1 h6 23. h4 b4 24. Kh2 bxc3 25. Nxc3 Rb4 26. Qe2 Rd4 27. Nf6 Rxd3 28. Nce4 Qd4 29. Rf4 Rd1 30. Rf2 Rd3 31. Rf4 c4 32. Nc3 Qc5 33. Ng4 Rfd8 34. Ne4 Qd4 35. Ng5 Qxf4 0-1

[Event "TUR-ch"]
[Site "Antalya"]
[Date "2013.02.07"]
[Round "9"]
[White "Kaban, Erhan"]
[Black "Akpulat, Dogan"]
[Result "0-1"]
[WhiteElo "1994"]
[BlackElo "1831"]
[PlyCount "124"]
[EventDate "2013.02.02"]
[EventType "swiss"]
[EventRounds "11"]
[EventCountry "TUR"]
[SourceTitle "CBM 152 Extra"]
[Source "ChessBase"]
[SourceDate "2013.02.25"]
[SourceVersion "1"]
[SourceVersionDate "2013.02.25"]
[SourceQuality "1"]

1. Nf3 d5 2. g3 c5 3. Bg2 Nf6 4. d3 Nc6 5. Nbd2 e5 6. e4 Be6 7. 0-0 Be7 8. Re1 Qc7 9. Qe2 Nb4 10. Qd1 d4 11. b3 0-0 12. Nc4 Nc6 13. Nh4 b5 14. Nd2 g6 15. Nf1 Nh5 16. Nf5 c4 17. Nxe7+ Nxe7 18. Bf3 Ng7 19. Bg2 cxd3 20. cxd3 Rac8 21. Bh6 Qc2 22. f4 f6 23. Re2 Qxd1 24. Rxd1 Bg4 25. Rdd2 Bxe2 26. Rxe2 Rc3 27. Rd2 Rfc8 28. fxe5 fxe5 29. Bh3 R8c7 30. Kf2 Nc6 31. Ke2 Nb4 32. Bg5 Nc6 33. Rb2 Kf7 34. Bd2 b4 35. Bxc3 dxc3 36. Rb1 Nd4+ 37. Kf2 Nge6 38. Ne3 Nc5 39. Bf1 Rc6 40. Nd5 c2 41. Re1 a5 42. Ne3 Nxd3+ 43. Bxd3 c1Q 44. Rxc1 Rxc1 45. Nc4 Kf6 46. Nxa5 Ra1 47. Ke3 Rxa2 48. Nb7 Nxb3 49. Bc4 Ra3 50. Bxb3 Rxb3+ 51. Kd2 Rb2+ 52. Kd3 Rxh2 53. Kc4 Rg2 54. Nd6 Ke6 55. Nb5 b3 56. Kxb3 Rxg3+ 57. Kc4 Re3 58. Nc7+ Kd6 59. Ne8+ Ke7 60. Nc7 Rxe4+ 61. Kd5 Re1 62. Nb5 h5 0-1

[Event "TUR-ch"]
[Site "Antalya"]
[Date "2013.02.05"]
[Round "5"]
[White "Guvenli, Mustafa"]
[Black "Akpulat, Dogan"]
[Result "0-1"]
[WhiteElo "1612"]
[BlackElo "1831"]
[PlyCount "40"]
[EventDate "2013.02.02"]
[EventType "swiss"]
[EventRounds "11"]
[EventCountry "TUR"]
[SourceTitle "CBM 152 Extra"]
[Source "ChessBase"]
[SourceDate "2013.02.25"]
[SourceVersion "1"]
[SourceVersionDate "2013.02.25"]
[SourceQuality "1"]

1. c4 e5 2. Nc3 Nc6 3. Nf3 Nf6 4. d3 Bb4 5. Bd2 0-0 6. a3 Bxc3 7. Bxc3 Re8 8. e3 d5 9. Be2 d4 10. Bd2 e4 11. Ng1 Bf5 12. Qc2 dxe3 13. fxe3 exd3 14. Bxd3 Qxd3 15. Qxd3 Bxd3 16. Rc1 Ng4 17. Ne2 Nxe3 18. Bxe3 Rxe3 19. Kd2 Rxe2+ 20. Kxd3 Rxb2 0-1

[Event "TUR-ch"]
[Site "Antalya"]
[Date "2013.02.03"]
[Round "3"]
[White "Civi, Akin"]
[Black "Akpulat, Dogan"]
[Result "0-1"]
[WhiteElo "1582"]
[BlackElo "1831"]
[PlyCount "78"]
[EventDate "2013.02.02"]
[EventType "swiss"]
[EventRounds "11"]
[EventCountry "TUR"]
[SourceTitle "CBM 152 Extra"]
[Source "ChessBase"]
[SourceDate "2013.02.25"]
[SourceVersion "1"]
[SourceVersionDate "2013.02.25"]
[SourceQuality "1"]

1. e4 e5 2. Nf3 Nc6 3. d4 exd4 4. Nxd4 Bc5 5. Nb3 Bb6 6. Bd3 d6 7. a4 a5 8. 0-0 Qh4 9. Nc3 Nf6 10. Qf3 Ne5 11. Qg3 Qxg3 12. hxg3 Nxd3 13. cxd3 Be6 14. Nd2 Ng4 15. Nf3 Ne5 16. Nxe5 dxe5 17. Be3 Bxe3 18. fxe3 0-0-0 19. Rfd1 Bb3 20. Rd2 c5 21. Ra3 Bc4 22. Ne2 b6 23. Rc3 Ba6 24. Kf2 Kb8 25. Ng1 Bb7 26. Nf3 f6 27. Rb3 Ka7 28. Ke2 c4 29. dxc4 Bxe4 30. Rxd8 Rxd8 31. Rc3 Kb7 32. Rc1 Kc6 33. Rc3 Kc5 34. g4 h6 35. Rb3 Bc6 36. Ra3 Kb4 37. Ne1 Be4 38. Nd3+ Bxd3+ 39. Rxd3 Rxd3 0-1

[Event "Istanbul op-A 10th"]
[Site "Istanbul"]
[Date "2011.09.12"]
[Round "1"]
[White "Citak, Selim"]
[Black "Akpulat, Dogan"]
[Result "1-0"]
[WhiteElo "2351"]
[BlackElo "1863"]
[PlyCount "78"]
[EventDate "2011.09.12"]
[EventType "swiss"]
[EventRounds "9"]
[EventCountry "TUR"]
[SourceTitle "CBM 144 Extra"]
[Source "ChessBase"]
[SourceDate "2011.10.28"]
[SourceVersion "1"]
[SourceVersionDate "2011.10.28"]
[SourceQuality "1"]

1. d4 d5 2. c4 c6 3. Nc3 Nf6 4. e3 e6 5. Nf3 Nbd7 6. Bd3 Bd6 7. 0-0 dxc4 8. Bxc4 0-0 9. e4 e5 10. Bg5 exd4 11. Qxd4 Bc5 12. Qd1 Qe7 13. e5 Nxe5 14. Re1 Bxf2+ 15. Kxf2 Nfg4+ 16. Kg3 Qc5 17. Qe2 Qxc4 18. Nxe5 Qxe2 19. Rxe2 Nxe5 20. Be7 f6 21. Bxf8 Kxf8 22. Ne4 Ke7 23. Nc5 Kd6 24. Rc1 b6 25. Rd2+ Ke7 26. Nd3 Bf5 27. Nxe5 fxe5 28. Rxc6 Rc8 29. Rxc8 Bxc8 30. Rd5 Ke6 31. Rd8 Bb7 32. Rg8 Kf6 33. a3 b5 34. Rb8 Bc6 35. Rc8 Bd5 36. Rc5 Bc4 37. a4 a6 38. a5 Kf5 39. Rc6 b4 1-0